Libelli IIII. De Persona Christi, Eivsqve Ad Dextram Dei Sedentis Divina Maiestate

Bibliographic Details
Main Author: Hunnius, Aegidius, 1550-1603 (Author)
Format: Book
Language:Latin
PhysicalDescription:[20], 415 strán zachovaných 16 cm
Published: Witebergae [b.t.] Anno M.DC.III. [=1603]

MARC

LEADER 00000nam a2200000 a 4500
001 vtls011787299
003 SK-MaSNL
005 20260301183825.0
008 251112s1603 gw 000 0 lat
015 |a SNBHFA1603 
035 |a urn:nbn:sk:snk-am00dx00 
035 |a urn:nbn:sk:snk-am3i84y 
035 |a 8AB58ED6-7197-4E60-A3CD-2F7D45C61A65 
040 |a SNKHF  |b slo  |c SNK  |e AACR2 
041 0 |a lat 
044 |a gw  |c DE 
072 7 |a 2  |x Náboženstvo  |2 konspekt 
080 |a 21/29-1/-9  |2 2011 
100 1 |a Hunnius, Aegidius,  |d 1550-1603  |4 aut  |9 161248 
245 1 0 |a Libelli IIII. De Persona Christi, Eivsqve Ad Dextram Dei Sedentis Divina Maiestate  |c Scripti Per Aegidivm Hvnnivm, S.S. Theologiae D. & Professorem in Academia Witebergensi 
260 |a Witebergae  |b [b.t.]  |c Anno M.DC.III. [=1603] 
300 |a [20], 415 strán zachovaných  |c 16 cm 
500 |a Titulný list tlačený čiernou aj červenou farbou 
501 |a Príväzok 2. k: HUNNIUS, Aegidius. [De Sacrosanctae Scriptura]. [Francofvrti Ad Moenvm] : [ b.t.], [1591].  |5 SNK ID 100525 
546 |a Latinčina  |b Antikva  |b Kurzíva 
561 |a Z knižnice Učenej spoločnosti malohontskej.  |5 SNK ID 100525/prív.2 
562 |a Chýbajú posledné strany.  |5 SNK ID 100525/prív.2 
700 1 |a Helwig, Wolfgang,  |d 1560-1634  |4 oth  |9 559582 
700 1 |a Weber, Tobias,  |d 1564-1633  |4 oth  |9 559583 
700 1 |a Gebelius, Heinrich  |4 oth  |9 127823 
700 1 |a Susenbeth, Reinhard  |4 oth  |9 130786 
710 2 |a Učená spoločnosť malohontská  |4 fmo  |9 205374 
752 |a Nemecko  |d Wittenberg 
852 |a snk  |b Historické fondy  |p ID 100525/prív.2 
958 |a ONDV 
999 |c 858421  |d 860351 
952 |t MHC II.B.e.152  |a SNK  |b SNK  |c SNK_HF  |y PREZ  |7 0  |p 17A1301257  |o snkID 100525/prív.2  |i snk2018/21992  |8 5  |0 0  |1 0  |4 0  |d 2018-10-24  |f 1  |l 0  |r 2026-02-24 05:03:40  |w 2026-02-24